Cognitive neuroscience : (Record no. 9912)
[ view plain ]
| 000 -LEADER | |
|---|---|
| fixed length control field | 00898cam a22002894a 4500 |
| 001 - CONTROL NUMBER | |
| JCCL Control Number | 9912 |
| 003 - CONTROL NUMBER IDENTIFIER | |
| JCCL marc code | BD-JhCC |
| 005 - DATE AND TIME OF LATEST TRANSACTION | |
| control field | 20180403120040.0 |
| 008 - FIXED-LENGTH DATA ELEMENTS--GENERAL INFORMATION | |
| fixed length control field | 180403s2002 nyua b 001 0 eng |
| 020 ## - INTERNATIONAL STANDARD BOOK NUMBER | |
| International Standard Book Number | 0393977773 |
| 035 ## - SYSTEM CONTROL NUMBER | |
| system control number | (BD-JhCC)9912 |
| 040 ## - CATALOGING SOURCE | |
| Original cataloging agency | DLC |
| Transcribing agency | DLC |
| Modifying agency | DLC |
| -- | BD-JhCC |
| 041 ## - LANGUAGE CODE | |
| Language code of Book | eng |
| 050 00 - LIBRARY OF CONGRESS CALL NUMBER | |
| Classification number | QP360.5 |
| Item number | .G39 2002 |
| 082 00 - DEWEY DECIMAL CLASSIFICATION NUMBER | |
| Classification number | 612.8/2 |
| DDC Edition number | 21 |
| Author mark and Year | GAZ 2002 |
| 100 1# - MAIN ENTRY--PERSONAL NAME | |
| Personal name | Gazzaniga, Michael S. |
| 245 10 - TITLE STATEMENT | |
| Title | Cognitive neuroscience : |
| Remainder of title | the biology of the mind / |
| Statement of responsibility, etc | Michael S. Gazzaniga, Richard B. Ivry, George R. Mangun. |
| 250 ## - EDITION STATEMENT | |
| Edition statement | 2nd ed. |
| 260 ## - PUBLICATION, DISTRIBUTION, ETC. (IMPRINT) | |
| Place of publication, distribution, etc | New York : |
| Name of publisher, distributor, etc | Norton, |
| Date of publication, distribution, etc | 2002. |
| 300 ## - PHYSICAL DESCRIPTION | |
| Pagination | xviii, 681, [67] p. : |
| Other physical details | ill. (chiefly col.) ; |
| Dimensions | 29 cm. |
| 504 ## - BIBLIOGRAPHY, ETC. NOTE | |
| Bibliography, etc | Includes bibliographical references and index. |
| 650 #0 - SUBJECT ADDED ENTRY--TOPICAL TERM | |
| Topical term or geographic name as entry element | Cognitive neuroscience. |
| 700 1# - ADDED ENTRY--PERSONAL NAME | |
| Personal name | Ivry, Richard B. |
| 700 1# - ADDED ENTRY--PERSONAL NAME | |
| Personal name | Mangun, G. R. |
| Fuller form of name | (George Ronald), |
| Dates associated with a name | 1956- |
| 942 ## - ADDED ENTRY ELEMENTS (KOHA) | |
| Source of classification or shelving scheme | Dewey Decimal Classification |
| Koha item type | Books |
| Source of classification or shelving scheme | Damaged status | Not for loan | Home library | Current library | Shelving location | Date of accession | Total Checkouts | Full call number | Barcode | Date last seen | Copy number | Koha item type |
|---|---|---|---|---|---|---|---|---|---|---|---|---|
| Dewey Decimal Classification | JCC Rouf Library | JCC Rouf Library | General Stacks | 04/03/2018 | 612.8/2 GAZ 2002 | 13311 | 04/03/2018 | C-1 | Books |